political theory an introduction (Record no. 2681)

000 -LEADER
fixed length control field 00268nam a22001097a 4500
020 ## - INTERNATIONAL STANDARD BOOK NUMBER
International Standard Book Number 9788131706251
100 ## - MAIN ENTRY--PERSONAL NAME
Personal name Rajeev Bhargava (ed)
245 ## - TITLE STATEMENT
Title political theory an introduction
260 ## - PUBLICATION, DISTRIBUTION, ETC.
Place of publication, distribution, etc. New Delhi
Name of publisher, distributor, etc. Dorling Kindersley
Date of publication, distribution, etc. 2008
300 ## - PHYSICAL DESCRIPTION
Extent 340p
942 ## - ADDED ENTRY ELEMENTS (KOHA)
Koha item type Book
Holdings
Withdrawn status Lost status Damaged status Not for loan Collection code Permanent Location Current Location Shelving location Date acquired Total Checkouts Total Renewals Full call number Barcode Date last seen Date last checked out Price effective from Koha item type
          Central Library (CL) Central Library (CL) General Stacks 03/11/2016 1 1 320 POL S3H-S-384 10/04/2022 09/21/2022 03/11/2016 Book
© 2023 Central Library, National University of Sciences and Technology. All Rights Reserved.